[Event "Kortchnoi ZCC 2017-Blitz"]
[Site "Zurich"]
[Date "2017.04.17"]
[Round "3"]
[White "Anand, Viswanathan"]
[Black "Nepomniachtchi, Ian"]
[Result "1/2-1/2"]
[WhiteElo "2786"]
[BlackElo "2751"]
[Annotator "TA"]
[PlyCount "71"]
[EventDate "2017.??.??"]
[EventType "tourn"]
[EventCountry "SUI"]
[SourceTitle "playchess.com"]
[Source "ChessBase"]
[SourceQuality "1"]

{[%evp 22,71,0,0,11,11,28,-20,0,2,-6,-3,-18,-27,-18,-37,-57,-100,-99,-117,-118,-116,-102,-169,-68,-82,-60,-61,-63,-59,-15,-33,-60,-121,-31,-41,-47,-52,-34,-33,-33,-24,-5,-5,0,0,0,0,0,0,0,-24]} 1. e4 c5 2. Nf3 d6 3. d4 cxd4 4. Nxd4 Nf6 5. Nc3 a6 6. h3 e5 7. Nde2 h5 {B90: Sicilian Najdorf: Unusual White 6th moves, 6 Be3 Ng4 and 6 Be3 e5} 8. Bg5 Be6 9. Bxf6 Qxf6 10. Nd5 Qd8 11. Qd3 Nd7 12. O-O-O {LiveBook: 12 Games} b5 $146 (12... g6 13. Kb1 Nc5 14. Qa3 Bxd5 15. Rxd5 {1-0 (41) Salem,A (2652)-Areshchenko,A (2682) Sharjah 2017}) 13. Kb1 Rb8 14. a3 (14. f4 $5 {is more complex.} Bxd5 15. Qxd5 Qc7 16. Qd2 Nf6 17. Nc3) 14... Bxd5 (14... Nc5 $5 {seems wilder.} 15. Qf3 Bxd5 16. Rxd5 Qb6 17. c3 Be7) 15. Qxd5 Be7 16. Nc3 O-O 17. Qd2 Nf6 18. g4 b4 (18... hxg4 19. hxg4 Nxg4 20. Qe2 $16) 19. axb4 Rxb4 20. f3 Qb6 21. b3 Rb8 22. Rh2 {[#]} (22. g5 $2 Rxb3+ $1 {[%mdl 512]} 23. cxb3 Qxb3+ 24. Ka1 Nxe4 $1 {[%mdl 512]} 25. fxe4 Bxg5 $19) (22. Na2 $17 Rd4 23. Qe2) 22... Rd4 (22... d5 $1 $19 {Strongly threatening ...d4.} 23. g5 (23. exd5 $2 Bc5 24. g5 Nd7 $19) 23... Nh7) 23. Qe1 $15 {[#]} d5 $1 {[%mdl 512] ...Bb4 is the strong threat.} 24. Rxd4 $1 (24. exd5 $2 Bb4 25. Rxd4 Qxd4 $19) (24. Nxd5 Nxd5 25. exd5 Bb4 $19) (24. Nxd5 Nxd5) 24... exd4 25. Na4 (25. Nxd5 $6 Nxd5 26. exd5 Bb4 $11) 25... Qc7 26. e5 Bb4 27. Qe2 (27. Qg3 $1 $15) 27... Re8 (27... Nd7 $17 28. f4 Nc5 29. Nxc5 Qxc5) 28. Qxa6 Rxe5 {White must now prevent ...Re1+.} ({But not} 28... Qxe5 29. Re2 Qg3 30. Rxe8+ Nxe8 31. Bd3 $11) 29. Re2 Re3 30. Rxe3 dxe3 31. g5 Nd7 32. Qa8+ {The position is equal.} Nf8 {Threatens to win with ...Qg3.} 33. Qxd5 Qe7 {aiming for ...e2.} 34. Qe4 Qxe4 35. fxe4 Ne6 36. c3 1/2-1/2

[Event "Kortchnoi ZCC 2017-Blitz"]
[Site "Zurich"]
[Date "2017.04.17"]
[Round "3"]
[White "Svidler, Peter"]
[Black "Nakamura, Hikaru"]
[Result "1/2-1/2"]
[WhiteElo "2747"]
[BlackElo "2793"]
[Annotator "TA"]
[PlyCount "96"]
[EventDate "2017.??.??"]
[EventType "tourn"]
[EventCountry "SUI"]
[SourceTitle "playchess.com"]
[Source "ChessBase"]
[SourceQuality "1"]

{[%evp 11,96,2,6,6,8,12,10,17,23,10,6,6,25,25,20,-17,0,0,3,-7,35,32,30,34,43,27,56,12,6,0,0,0,27,-12,13,0,0,-14,0,0,0,0,0,0,0,-14,18,10,95,95,93,91,88,79,142,142,165,143,165,43,47,0,0,0,0,0,0,0,0,0,0,0,0,0,0,0,0,-81,0,0,0,0,0,0,0,0,0]} 1. Nf3 d5 2. g3 g6 3. Bg2 Bg7 4. d4 Nd7 5. O-O Ngf6 6. b3 O-O 7. Bb2 {D02: 1 d4 d5 2 Nf3 sidelines, including 2...Nf6 3 g3 and 2...Nf6 3 Bf4} c5 (7... b6 8. c4 e6 9. Nc3 Bb7 10. cxd5 exd5 11. Rc1 c5 12. e3 Qe7 13. Qe2 Rfd8 14. Rfd1 Rac8 {½-½ (50) Howell,D (2644)-Svane,R (2555) Doha 2016}) 8. Na3 b6 $146 (8... Re8 9. c4 cxd4 10. Nxd4 Nf8 11. Ndc2 dxc4 12. Nxc4 Bf5 13. N2e3 Be4 14. f3 Bc6 15. Qe1 {1-0 (40) Heurung,D-Doren,D USA corr 1991}) 9. c4 Bb7 10. cxd5 Bxd5 11. Rc1 e6 12. Nc4 Qe7 13. Nfe5 Bxg2 14. Kxg2 Rac8 15. e3 Nxe5 16. dxe5 Nd5 {[%cal Bf6d5,Bd5e7,Be7f5][%mdl 32]} 17. Qe2 Rcd8 18. a3 Qc7 19. Rfd1 Ne7 20. Qf3 Nf5 21. Qe4 b5 22. Nd2 Qb6 23. Nf3 a6 24. Qc2 Rc8 25. e4 Ne7 26. Rd6 $36 {[%mdl 2048] Black is under pressure.} Qb7 27. Qe2 Rc7 28. h4 c4 29. bxc4 Bh6 (29... Rxc4 $11 30. Rxc4 bxc4) 30. Rc2 $16 Rxc4 31. Rxc4 bxc4 32. Nh2 {[%cal Bf3h2,Bh2g4,Bg4f6][%mdl 32]} Qb3 (32... Bg7 $142) 33. Ng4 Bg7 34. Nf6+ ({Don't take} 34. Rxa6 $6 c3 35. Bc1 Qb1 $14) 34... Kh8 35. Rd7 ({But not} 35. Rxa6 $6 c3 36. Bc1 Ng8 $14) (35. Qd2 $18) 35... c3 $1 $14 {[%cal Rc3b2]} 36. Bxc3 Qxc3 37. Rxe7 Qxe5 38. Ng4 $1 {[%cal Rg4e5]} Qc5 39. Rb7 h5 40. Nh2 Qxa3 41. Nf3 a5 42. Ng5 Kg8 43. Qc4 Qc3 44. Qb5 {[#]} (44. Qa4 $11) 44... Qe5 ({Black should play} 44... Bh6 $1 $17) 45. Qd7 {The position is equal.} Qd4 {aiming for ...Qxd7.} 46. Qc7 Qe5 {Strongly threatening ...Qxc7.} 47. Qd7 Qd4 {White must now prevent ...Qxd7.} 48. Qc7 Qe5 1/2-1/2

[Event "Kortchnoi ZCC 2017-Blitz"]
[Site "Zurich"]
[Date "2017.04.17"]
[Round "3"]
[White "Oparin, Grigoriy"]
[Black "Pelletier, Yannick"]
[Result "1/2-1/2"]
[WhiteElo "2604"]
[BlackElo "2541"]
[Annotator "TA"]
[PlyCount "77"]
[EventDate "2017.??.??"]
[EventType "tourn"]
[EventCountry "SUI"]
[SourceTitle "playchess.com"]
[Source "ChessBase"]
[SourceQuality "1"]

{[%evp 20,77,33,31,42,37,50,35,93,11,11,-16,-18,-19,0,0,0,0,0,0,0,0,0,0,0,0,0,0,0,0,0,0,0,0,0,0,0,0,0,0,0,0,0,0,0,0,0,0,0,0,0,0,0,0,0,0,0,0,0,0]} 1. Nf3 Nf6 2. g3 d5 3. Bg2 c6 4. O-O Bg4 5. d3 Nbd7 {[%cal Bb8d7,Bd7e5,Be5f3][%mdl 32]} 6. c4 Bxf3 {A11: English Opening: 1...c6} 7. Bxf3 dxc4 8. dxc4 Ne5 9. Nd2 (9. Qb3 Nxf3+ 10. Qxf3 g6 11. Nc3 Bg7 12. Rd1 Qc8 13. Bf4 O-O 14. Rd3 {1-0 (54) Nepomniachtchi,I (2714)-Harikrishna,P (2727) Beijing 2014}) 9... Nxf3+ 10. Nxf3 Qxd1 11. Rxd1 {LiveBook: 3 Games} e6 12. Be3 Be7 13. Rd3 a6 $146 ({Black should try} 13... Ng4 $14) (13... O-O 14. Rb3 {½-½ (31) Pedersen,N (2453)-Skytte,R (2401) Aarhus 2012}) 14. a4 ({White should play} 14. Rad1 $16) 14... Nd7 $1 $11 {The position is equal.} 15. Rad1 O-O-O $1 16. Ng5 Bxg5 17. Bxg5 f6 $1 {[%cal Rf6g5]} 18. Be3 Ne5 19. Rxd8+ $1 Rxd8 20. Rxd8+ Kxd8 {[%mdl 4096] Endgame KB-KN} 21. b3 g6 22. h3 f5 23. f3 Ke7 24. Kf2 Nd7 25. Ke1 Kd6 26. Kd2 b5 27. cxb5 cxb5 28. axb5 axb5 29. Kc3 Nf6 30. Bh6 Nd5+ 31. Kd3 e5 32. e4 Nb4+ 33. Kc3 Nc6 34. Bf8+ Ke6 35. Bc5 fxe4 36. fxe4 h5 37. Kd3 Na5 38. Kc3 {aiming for Kb4.} Nc6 39. Kd3 1/2-1/2

[Event "Kortchnoi ZCC 2017-Blitz"]
[Site "Zurich"]
[Date "2017.04.17"]
[Round "4"]
[White "Nakamura, Hikaru"]
[Black "Kramnik, Vladimir"]
[Result "1-0"]
[WhiteElo "2793"]
[BlackElo "2811"]
[Annotator "TA"]
[PlyCount "151"]
[EventDate "2017.??.??"]
[EventType "tourn"]
[EventCountry "SUI"]
[SourceTitle "playchess.com"]
[Source "ChessBase"]
[SourceQuality "1"]

{[%evp 11,151,0,9,-1,12,6,11,4,27,-20,-9,-18,-6,-6,0,0,-3,-12,14,-8,-13,-19,0,-16,0,0,0,0,0,0,0,-14,-8,-12,14,12,18,15,44,66,68,0,0,0,49,44,44,50,39,44,52,10,10,10,26,0,0,-56,0,0,0,0,0,0,7,8,8,9,54,53,53,47,49,53,56,50,53,53,71,71,71,70,70,71,71,70,105,60,300,299,284,277,341,287,866,859,858,851,845,777,29960,29962,29964,29964,29968,29969,29968,29967,29970,29971,29975,29969,29968,29969,29970,29971,29971,29971,29983,29980,29979,29968,29971,29972,29970,29964,29977,29978,29978,29968,29976,29977,29984,29983,29983,29984,29984,29985,29985,29986,29997,5018]} 1. Nf3 d5 2. g3 c6 3. Bg2 Bg4 4. O-O Nf6 5. h3 Bh5 6. d3 Nbd7 7. Qe1 {A07: Réti Opening: New York and Capablanca Systems} e5 8. e4 Be7 9. Nh4 {The position is equal.} O-O 10. Nd2 Re8 11. Nb3 $146 (11. Ndf3 dxe4 12. dxe4 Nc5 13. g4 Bg6 14. Nxg6 hxg6 15. Nxe5 Bd6 16. Nc4 Ncxe4 17. Nxd6 Qxd6 {½-½ (64) Onischuk,A (2667)-So,W (2822) Saint Louis 2017}) 11... a5 12. a4 Nc5 13. Nxc5 Bxc5 14. Bg5 h6 15. Bd2 Nh7 {[%cal Bf6h7,Bh7f8,Bf8e6,Be6c5,Bc5e4][%mdl 32]} 16. Kh2 Nf8 17. Be3 Ne6 18. Bxc5 Nxc5 19. Qc3 b6 20. exd5 cxd5 21. d4 Ne4 22. Qd3 (22. Bxe4 dxe4 23. dxe5 Rc8 $17) 22... exd4 23. Qxd4 Rc8 24. Nf5 {[%csl Gf5][%cal Rd4g7] [#]} Qg5 25. g4 $1 {aiming for f4.} ({But not} 25. Qxd5 $2 Nf6 26. f4 Qg6 $19) 25... Rxc2 26. f4 ({Better is} 26. Rae1 $1 $14) 26... Qg6 $11 {And now ...Bxg4! would win.} 27. Nh4 Qf6 28. Qxf6 Nxf6 29. gxh5 Nxh5 30. Kg1 Ng3 31. Rf3 Ne2+ 32. Kh1 g6 33. Bf1 Rxb2 34. Rd1 (34. Ng2 $11) 34... d4 (34... Re4 $15 35. Ra3 Rxf4) 35. Ng2 Re4 36. Re1 Kg7 37. Rxe2 Rexe2 38. Bxe2 Rxe2 {[%mdl 4096] Endgame KRN-KR} 39. Rd3 b5 {next ...b4 is good for Black.} 40. axb5 Rb2 $1 41. Rxd4 Rxb5 42. Kh2 g5 43. Rd6 f6 44. Kg3 Kg6 45. Ne3 {Hoping for f5+.} gxf4+ 46. Kxf4 Rb4+ 47. Kf3 a4 48. Ra6 {Threatens to win with Nd5.} Rd4 49. Ng2 {Black must now prevent Nf4+.} Kg5 $2 {[#]} (49... Rb4 $14) 50. Ra5+ $1 $18 f5 {Black hopes to continue with ...Rd3+.} 51. Ne3 Rd3 52. Rxa4 Rd6 $2 (52... Rb3 53. h4+ Kh5) 53. Ra5 Rf6 54. Ng2 Rb6 55. h4+ {[%cal Bh3h4,Bh4h5][%mdl 32]} Kg6 56. Nf4+ {White mates.} Kh7 57. Rxf5 Rb7 58. h5 Ra7 59. Rb5 Rd7 60. Ke4 Rf7 61. Re5 Ra7 62. Nd5 Ra1 63. Re7+ Kh8 64. Kf5 Rg1 65. Nf4 Kg8 66. Ra7 Rf1 67. Ra6 Kg7 68. Rg6+ Kh7 69. Rg4 Ra1 70. Nd5 Kh8 71. Kg6 Ra5 72. Rc4 {[%cal Rc4c8]} Ra6+ 73. Nf6 {[%cal Rc4c8]} Rc6 74. Rd4 {[%cal Rd4d8]} ({Worse is} 74. Kxh6 Rxc4 75. Kg6 Rc6 $11) 74... Rd6 75. Rd5 ({Weaker is} 75. Kxh6 Rxd4 76. Kg6 Rd6 $11) 75... Rd7 76. Nxd7 1-0

[Event "Kortchnoi ZCC 2017-Blitz"]
[Site "Zurich"]
[Date "2017.04.17"]
[Round "4"]
[White "Gelfand, Boris"]
[Black "Nepomniachtchi, Ian"]
[Result "1/2-1/2"]
[WhiteElo "2724"]
[BlackElo "2751"]
[Annotator "TA"]
[PlyCount "98"]
[EventDate "2017.??.??"]
[EventType "tourn"]
[EventCountry "SUI"]
[SourceTitle "playchess.com"]
[Source "ChessBase"]
[SourceQuality "1"]

{[%evp 22,98,29,0,10,0,0,0,8,0,7,1,0,5,12,0,0,-74,-75,-73,-59,-72,-53,-130,-69,-99,-138,-170,-147,-154,-121,-127,-4,-1,0,-4,-5,-4,-6,-15,47,58,45,53,51,42,40,30,27,-66,-66,-66,-66,-66,-69,-75,-78,-76,0,0,0,-77,-86,-86,-86,-84,0,0,0,0,0,0,0,0,0,0,15,0,4]} 1. Nf3 Nf6 2. c4 c5 3. Nc3 d5 4. cxd5 Nxd5 5. e3 Nxc3 6. bxc3 g6 7. Bb5+ Bd7 8. Be2 Bg7 9. O-O O-O 10. d4 Qa5 {A34: Symmetrical English: 2 Nc3, lines with ...d5} 11. Qb3 Bc6 12. Bd2 {LiveBook: 3 Games} Nd7 $146 (12... e6 13. c4 Qb6 14. Rfd1 Nd7 15. Bc3 Rac8 16. d5 Qxb3 17. axb3 Bxc3 18. dxc6 {1-0 (45) Gelfand,B (2721)-Gopal,G (2579) Caleta 2017}) 13. c4 Qa6 $1 14. Bc3 Rab8 15. Rac1 Rfd8 16. d5 Bxd5 $1 17. cxd5 Qxe2 18. Bxg7 Kxg7 19. Rfe1 (19. Rc4 $1 $11 {remains equal.} Nb6 20. Rxc5 (20. Rc2 Qa6 $11)) 19... Qa6 $17 20. e4 e5 21. dxe6 Qxe6 22. Qa3 (22. Qxe6 $15 fxe6 23. Ng5) 22... a6 (22... b5 $1 $17 23. e5 b4) 23. Qb2+ Kg8 $1 24. Ng5 Qe5 (24... Qg4 25. Nh3 $17) 25. Qd2 Nf6 26. Qe3 Ng4 (26... Rbc8 $17 {next ...c4 is good for Black.} 27. Nf3 Qe7) 27. Nf3 $11 Qb2 28. Qf4 $36 {[%mdl 2048] White fights for an advantage.} Nxf2 {Hoping for ...Nd3.} (28... Qxf2+ 29. Kh1 $16) 29. Ng5 f6 (29... Qxa2 $2 30. Rc2 (30. Qxf2 Qxf2+ 31. Kxf2 Rbc8 $11) 30... Nh3+ 31. gxh3 $18) 30. Ne6 $1 {Qc7 is the strong threat.} Re8 (30... Nd3 $2 31. Qc7 Qd4+ 32. Nxd4 $18) ({Better is} 30... Qb6 $1 $11 31. Qxf6 (31. Nxd8 $2 Nd3 32. Qg3 c4+ 33. Kh1 Rxd8 $19) 31... Rd7 32. Qxf2 (32. Rf1 Re8 33. Qxf2 Qxe6 34. Rxc5 Qxe4 $17) 32... Qxe6 33. Rxc5 (33. Qxc5 Qxa2 34. Qe5 Rf8 $17) 33... Rbd8) 31. Qc7 $14 {[%csl Ge6][%cal Rc7g7]} Rxe6 32. Qxb8+ Kf7 {White must now prevent ...Nd3.} 33. Qc7+ $1 Re7 34. Qxc5 Nxe4 35. Rxe4 ({White should play} 35. Rc2 $11 Nxc5 36. Rxe7+ (36. Rxb2 $2 {perishes.} Rxe1+ 37. Kf2 Nd3+ 38. Kf3 Nxb2 $19) 36... Kxe7 37. Rxb2) 35... Rxe4 {[%mdl 4096] Endgame KQR-KQR} 36. Qd5+ Kg7 $1 37. Qd7+ $1 Kh6 38. Qh3+ Kg5 39. Qg3+ Kh6 (39... Rg4 40. Qe3+ Kh5 41. Qh3+ Kg5 42. Qe3+ Kh5 43. Qh3+ Kg5 44. Qe3+ $11) 40. Qh3+ Kg5 41. Qg3+ {[#]} Kf5 $1 ({Much worse is} 41... Rg4 42. Qe3+ Kh5 43. Qh3+ Kg5 44. Qe3+ Kh5 45. Qh3+ Kg5 46. Qe3+ $11) 42. Rf1+ Ke6 43. Qh3+ {[#]} Kd6 (43... f5 $1 $17 {And now ...h5 would win.} 44. Qxh7 Qb6+ 45. Kh1 Kf6) 44. Qxh7 $11 {The position is equal.} Qd4+ 45. Kh1 Rf4 {[%cal Rf4f1]} 46. Re1 {aiming for Qe7+.} Qe5 {[%cal Re5e1]} 47. Rg1 Rb4 48. Qxg6 Kc6 49. Qc2+ Kb6 1/2-1/2

[Event "Kortchnoi ZCC 2017-Blitz"]
[Site "Zurich"]
[Date "2017.04.17"]
[Round "4"]
[White "Oparin, Grigoriy"]
[Black "Anand, Viswanathan"]
[Result "1/2-1/2"]
[WhiteElo "2604"]
[BlackElo "2786"]
[Annotator "TA"]
[PlyCount "61"]
[EventDate "2017.??.??"]
[EventType "tourn"]
[EventCountry "SUI"]
[SourceTitle "playchess.com"]
[Source "ChessBase"]
[SourceQuality "1"]

{[%evp 18,61,39,18,25,6,19,9,19,10,22,6,12,14,15,20,19,20,18,14,10,12,7,10,20,12,43,51,26,0,0,0,0,0,0,0,0,0,0,0,16,0,0,0,24,0]} 1. e4 e5 2. Nf3 Nc6 3. Bc4 Bc5 4. c3 Nf6 5. d3 d6 6. O-O O-O 7. a4 a6 8. Re1 Ba7 9. h3 Ne7 10. Nbd2 Ng6 {C54: Giuoco Piano: 4 c3 Nf6, main lines with 5 d4 and 5 d3} 11. d4 Re8 $146 (11... c6 12. Bf1 a5 13. dxe5 dxe5 14. Qc2 Be6 15. Nc4 Qc7 {½-½ (84) Carlsen,M (2853)-Karjakin,S (2772) New York 2016}) 12. Qb3 Qe7 {The position is equal.} 13. Nf1 c6 14. dxe5 Nxe5 15. Nxe5 dxe5 16. a5 Be6 17. Bxe6 Qxe6 18. Qc2 ({Don't capture} 18. Qxb7 $2 Reb8 19. Qxa8 (19. Qc7 $2 Ne8 20. Qxb8 Rxb8 $19) 19... Rxa8 $19) 18... Rad8 19. Be3 Bxe3 20. Nxe3 Rd7 21. Rad1 Rxd1 22. Rxd1 Qa2 23. Ng4 Nxg4 24. hxg4 Qxa5 $11 {[%mdl 4096] Endgame KQR-KQR} 25. Rd7 b5 26. Qb3 Rf8 27. g5 g6 28. g3 c5 29. Qd5 Qa1+ 30. Kg2 Qxb2 31. Rd8 1/2-1/2

[Event "Kortchnoi ZCC 2017-Blitz"]
[Site "Zurich"]
[Date "2017.04.17"]
[Round "4"]
[White "Pelletier, Yannick"]
[Black "Svidler, Peter"]
[Result "0-1"]
[WhiteElo "2541"]
[BlackElo "2747"]
[Annotator "TA"]
[PlyCount "52"]
[EventDate "2017.??.??"]
[EventType "tourn"]
[EventCountry "SUI"]
[SourceTitle "playchess.com"]
[Source "ChessBase"]
[SourceQuality "1"]

{[%evp 23,52,10,10,0,29,31,50,54,41,43,47,30,30,19,18,30,17,-50,-37,-112,-85,-127,-136,-591,-581,-913,-288,-601,-600,-2512,-2472]} 1. d4 d6 2. Nf3 g6 3. c4 f5 4. Nc3 Nf6 5. g3 Bg7 6. Bg2 O-O 7. O-O c6 8. Rb1 a5 9. b3 {A88: Dutch Defence: Leningrad System: 5 Nf3 0-0 6 0-0 d6 7 Nc3 c6} Na6 10. Bb2 Bd7 11. d5 Nc5 12. Nd4 Rc8 {LiveBook: 3 Games} 13. Qc2 $146 (13. e3 Qe8 14. Qe2 Qf7 15. Rbc1 h6 16. Ba1 Kh7 17. Qc2 Nce4 18. Nxe4 Nxe4 {½-½ (39) Lauber,A (2444)-Kamsky,G (2660) Warsaw 2016}) 13... f4 14. Rbd1 fxg3 15. hxg3 ({Of course not} 15. fxg3 Ng4 16. Bc1 Rxf1+ 17. Bxf1 Qb6 $17) 15... Qe8 16. e4 Ng4 17. Qe2 g5 18. f3 Ne5 19. Qe3 Qg6 20. Rd2 (20. g4 $11) 20... Rf7 21. g4 ({Better is} 21. Ba3 $15) 21... h5 $17 22. gxh5 Qxh5 23. Bh1 $2 {[%mdl 8192] [#]} (23. Nce2 $17) 23... Ng4 $1 $19 {[%mdl 512]} 24. Qe2 (24. fxg4 Rxf1+) 24... Rcf8 $2 (24... Bxd4+ 25. Rxd4 Rh7 26. fxg4 Qxh1+ 27. Kf2 Rh2+ 28. Kg3 Rh3+ 29. Kf2 Rf8+ 30. Ke1 {[#]} Bxg4 $1 {[%mdl 512]} 31. Rxh1 Rxh1+ 32. Kd2 Bxe2 33. Nxe2 Rh2 34. dxc6 Rff2) 25. Nd1 $2 (25. Nf5 Bxf5 26. exf5 Rxf5 27. Ne4 Nxe4 28. Qxe4) 25... Be5 {White must now prevent ...Rh7.} 26. Ne3 Rh7 0-1

[Event "Kortchnoi ZCC 2017-Blitz"]
[Site "Zurich"]
[Date "2017.04.17"]
[Round "5"]
[White "Kramnik, Vladimir"]
[Black "Pelletier, Yannick"]
[Result "1/2-1/2"]
[WhiteElo "2811"]
[BlackElo "2541"]
[Annotator "TA"]
[PlyCount "92"]
[EventDate "2017.??.??"]
[EventType "tourn"]
[EventCountry "SUI"]
[SourceTitle "playchess.com"]
[Source "ChessBase"]
[SourceQuality "1"]

{[%evp 8,92,18,16,26,35,39,32,66,28,34,12,20,-96,0,0,0,0,0,0,0,0,15,0,0,0,0,0,0,0,35,29,38,39,24,19,61,47,115,0,0,-20,0,0,0,0,0,0,72,0,36,36,29,29,29,8,8,8,8,8,62,56,53,8,8,0,0,0,0,0,0,0,2,0,8,0,0,0,0,0,0,0,0,0,0,0,0]} 1. Nf3 Nf6 2. d4 d5 3. e3 e6 4. Bd3 Bd6 5. Nbd2 {LiveBook: 22 Games} b6 {D05: Colle System with ...e6} (5... c5 6. dxc5 Bxc5 7. a3 a5 8. b3 O-O 9. Bb2 Nc6 10. O-O b6 11. c4 Bb7 12. cxd5 exd5 13. Qc2 h6 14. Rad1 Qe7 15. Qc1 Ne4 16. Rfe1 f5 17. Qa1 Rad8 18. Nf1 f4 19. Bxe4 dxe4 20. exf4 Rxf4 21. Rxd8+ Qxd8 {½-½ (45) Kramnik,V (2777)-Ganguly,S (2652) Berlin 2015}) 6. e4 {[#] Black must now prevent e5.} dxe4 7. Nxe4 Nxe4 {White is slightly better.} 8. Bxe4 c6 9. Bg5 $146 (9. O-O Qc7 10. Re1 Nd7 11. c4 Nf6 12. Bc2 Bb7 13. b3 {0-1 (21) Schulz,G (1858)-Thesing,A (1916) Kiel 2015}) 9... Qc7 10. Qd2 (10. Bh4 $11) 10... Bb7 (10... h6 $17 11. Bh4 f5) 11. O-O $11 Nd7 12. Rfe1 h6 13. Bh4 Nf6 14. Bxf6 gxf6 15. c4 O-O-O 16. b4 f5 17. Bd3 $1 c5 18. bxc5 Bf4 19. Qe2 Bxf3 $1 20. Qxf3 {Threatens to win with d5.} Rxd4 21. cxb6 axb6 22. c5 $1 {[%cal Rc5b6]} Rhd8 (22... bxc5 $14 23. Rab1 Ra4) 23. Ba6+ (23. cxb6 $16 Bxh2+ 24. Kf1) 23... Kd7 $1 24. cxb6 ({But not} 24. Bb5+ Ke7 25. cxb6 Bxh2+ 26. Kf1 Qxb6 $17) 24... Qxb6 25. Bf1 Ke7 26. a4 Bd2 27. Reb1 Qc5 {[#]} (27... Qa5 $11 {remains equal.}) 28. g3 (28. a5 $1 $16 {[%mdl 512]}) 28... Ba5 29. Rb5 $36 {[%mdl 2048] White fights for an advantage.} Qc3 30. Qxc3 Bxc3 31. Ra3 Be1 32. Be2 R4d5 33. Kf1 Rxb5 (33... Ba5 $11) 34. axb5 {[%mdl 4096] Endgame KRB-KRB} Bb4 35. Ra4 Bc5 {The position is equal.} 36. Rh4 Ra8 37. Rc4 Kd6 (37... Ra1+ $5 38. Kg2 $8 Bb6 $11) 38. Rc2 Ra1+ 39. Kg2 Ra4 40. Rd2+ Rd4 41. Ra2 Rb4 42. Ra6+ Kd5 43. Rc6 Rb2 44. Kf1 Rb1+ 45. Kg2 Rb2 46. Kf1 Rb1+ 1/2-1/2

[Event "Kortchnoi ZCC 2017-Blitz"]
[Site "Zurich"]
[Date "2017.04.17"]
[Round "5"]
[White "Anand, Viswanathan"]
[Black "Gelfand, Boris"]
[Result "1-0"]
[WhiteElo "2786"]
[BlackElo "2724"]
[Annotator "TA"]
[PlyCount "107"]
[EventDate "2017.??.??"]
[EventType "tourn"]
[EventCountry "SUI"]
[SourceTitle "playchess.com"]
[Source "ChessBase"]
[SourceQuality "1"]

{[%evp 23,107,62,67,51,48,0,0,0,0,0,0,0,39,39,25,-25,88,89,83,66,101,89,131,116,114,141,192,193,211,130,138,112,183,183,183,183,227,182,173,108,108,108,112,108,108,112,112,112,132,133,127,108,108,108,125,63,59,45,143,144,181,190,187,131,132,115,115,115,179,115,115,115,519,511,481,480,528,362,5069,5057,29996,29997,29997,29998,29998,29999]} 1. e4 c5 2. Nf3 d6 3. d4 cxd4 4. Nxd4 Nf6 5. Nc3 Nc6 6. Bg5 e6 7. Qd2 a6 8. O-O-O Bd7 9. f4 b5 10. Bxf6 gxf6 11. Kb1 Qb6 12. Nce2 Rc8 13. h4 {B67: Sicilian: Richter-Rauzer: 7...a6 8 0-0-0 Bd7, lines without 9 f4 Be7} Rg8 $146 14. f5 Nxd4 15. Nxd4 {The position is equal.} (15. Qxd4 Qxd4 16. Rxd4 Rg4 $17) 15... e5 $1 16. Ne2 b4 17. Rh3 $1 d5 18. Rg3 Rh8 19. Rf3 h5 (19... d4 $11 {remains equal.}) 20. exd5 $16 Rc4 21. Ng3 Rxh4 22. Qe1 $1 Rg8 23. Ne4 $36 {[%mdl 2048] White has strong initiative.} Rxe4 24. Qxe4 {Black must now prevent d6!} Rg4 (24... Bd6 $16 {was called for.} 25. Rf4 Ke7) 25. Qe1 $18 Bd6 26. Bd3 Rxg2 27. Rg3 Qf2 (27... Rxg3 $16 {keeps fighting.} 28. Qxg3 Ke7) 28. Rxg2 Qxg2 29. Qh1 Qg4 30. Rg1 (30. Bxa6 $6 Bxf5 31. Bd3 Bd7 $16) 30... Qd4 31. Rf1 (31. Bxa6 $6 Bxf5 32. Rf1 Bg4 $16) (31. Rg8+ $18 Ke7 32. Qxh5) 31... a5 $16 32. Qe4 ({But not} 32. Qxh5 $6 a4 33. Qe2 a3 34. bxa3 bxa3 $11) 32... Qb6 33. Be2 a4 34. Bxh5 a3 35. Be2 axb2 36. Kxb2 Qc5 37. Bc4 Ke7 38. Kb1 Ba4 39. Bb3 (39. Bd3 $16) 39... Bb5 40. Rh1 Qf2 (40... Qc3 $14) 41. Bc4 Ba4 42. Bd3 Bd7 43. Rf1 ({Better is} 43. Qg4 $18) 43... Qc5 44. Qc4 Qe3 45. Rh1 Qf2 {[#]} (45... Qf3 $16 46. Rf1 Qe3) 46. a3 ({White should play} 46. Qg4 $1 $18) 46... bxa3 {[#]} 47. Ka2 $1 ({Reject} 47. Qb3 $6 Qd4 $11) 47... Bxf5 $2 {[%mdl 8192]} (47... Qb6 $16 {is tougher.} 48. Qc3 Qa7) 48. Bxf5 $18 Qxf5 $16 {[%mdl 4096] Endgame KQR-KQB} 49. Rh8 Qd7 {next ...Qb7 is good for Black.} 50. Qb3 ({Don't capture} 50. Qc8 $2 Qxc8 51. Rxc8 e4 $19) 50... Qc7 $2 (50... e4 51. Ra8 f5) 51. Qa4 $18 {[%csl Ga4][%cal Rh8e8]} f5 52. Re8+ {White mates.} Kf6 53. Qh4+ Kg7 54. Qh8+ 1-0

[Event "Kortchnoi ZCC 2017-Blitz"]
[Site "Zurich"]
[Date "2017.04.17"]
[Round "5"]
[White "Nepomniachtchi, Ian"]
[Black "Nakamura, Hikaru"]
[Result "1/2-1/2"]
[WhiteElo "2751"]
[BlackElo "2793"]
[Annotator "TA"]
[PlyCount "38"]
[EventDate "2017.??.??"]
[EventType "tourn"]
[EventCountry "SUI"]
[SourceTitle "playchess.com"]
[Source "ChessBase"]
[SourceQuality "1"]

{[%evp 10,38,21,18,10,3,10,15,22,18,39,12,16,8,8,18,25,14,14,-42,-50,-35,-32,-40,0,-1,6,0,0,0,5]} 1. e4 e5 2. Nf3 Nc6 3. Bc4 Bc5 4. O-O Nf6 5. d3 d6 6. h3 a6 {C50: Hungarian Defence and Giuoco Pianissimo} 7. a4 O-O 8. c3 Ba7 9. Re1 Ne7 10. d4 Ng6 11. Bd3 Re8 12. Qc2 Be6 $146 (12... Bd7 13. Be3 d5 14. Nbd2 exd4 15. cxd4 dxe4 16. Nxe4 {½-½ (37) Kramnik,V (2801)-Aronian,L (2784) Stavanger 2016}) 13. Be3 d5 14. dxe5 (14. Nbd2 $11) 14... dxe4 $15 15. Bxe4 Nxe4 16. Bxa7 $1 Rxa7 17. Qxe4 {The position is equal.} Bd5 18. Qe3 {[#] And now Rd1 would win.} Bxf3 $1 19. Qxf3 Nxe5 1/2-1/2